000 01553cam a2200157 4500500
005 20260419000354.0
041 _afre
042 _adc
100 1 0 _aCissé, Mamady Yaya
_eauthor
245 0 0 _aConflicto generacional en el uso de las Tecnologías de la Información y la Comunicación en la gestión de empresas de prensa en Guinea
260 _c2026.
500 _a97
520 _aLa digitalización de los procesos de información y comunicación afecta la cadena de producción, distribución, comercialización y consumo de productos y servicios de las empresas de prensa, debido a la revolución tecnológica en las organizaciones. En Guinea, esta transformación se manifiesta a través de una convivencia a veces muy difícil entre las generaciones jóvenes y las más antiguas de profesionales de los medios de comunicación, lo que influye negativamente en toda la cadena de valor de las empresas de prensa. Este artículo pretende buscar una solución alternativa al impacto de este conflicto generacional entre estos «nativos digitales» e «inmigrantes digitales» según Marc Prensky (2024), generado por el uso de herramientas y servicios de las Tecnologías de la Información y la Comunicación (TIC) en el periodismo. Se trata de lograr una mayor eficacia y eficiencia en la gestión de las empresas de prensa.
786 0 _nLa Revue des Sciences de Gestion | 337 | 1 | 2026-02-23 | p. 85-93 | 1160-7742
856 4 1 _uhttps://shs.cairn.info/revista-revue-des-sciences-de-gestion-2026-1-page-85?lang=es&redirect-ssocas=7080
999 _c2212515
_d2212515